Keď legislatíva komplikuje život

Časté zmeny legislatívy komplikujú podnikateľské prostredie a sledovať ich je pre podnikateľov problém. Zrozumiteľnosť a stálosť legislatívy patria medzi vážne otázniky v rozvoji podnikania na Slovensku. Riešením je vytvorenie aplikácie BiznisInfo, ktorá dostupnou formou prináša informácie o zmenách...

ver descrição completa

Na minha lista:
Detalhes bibliográficos
Formato: Capítulo de Livro
Idioma:eslovaco
Assuntos:
Tags: Adicionar Tag
Sem tags, seja o primeiro a adicionar uma tag!

MARC

LEADER 00000naa a2200000 4500
001 0257021
005 20220725111425.8
041 0 |a slo 
044 |a SK 
245 1 0 |a Keď legislatíva komplikuje život 
520 |a Časté zmeny legislatívy komplikujú podnikateľské prostredie a sledovať ich je pre podnikateľov problém. Zrozumiteľnosť a stálosť legislatívy patria medzi vážne otázniky v rozvoji podnikania na Slovensku. Riešením je vytvorenie aplikácie BiznisInfo, ktorá dostupnou formou prináša informácie o zmenách v zákonoch. 
610 2 0 |a firmy 
610 2 0 |a legislatíva 
610 2 0 |a technológie informačné 
610 2 0 |a technológie komunikačné 
610 2 0 |a technológie nové 
610 2 0 |a podnikatelia 
610 2 0 |a aplikácie mobilné